ARRUPE JESUIT UNIVERSITY

CORONAVIRUS -STOP THE SPREAD - CLEAN,DISINFECT,COVER

Nature on the rampage : (Record no. 9335)

MARC details
000 -LEADER
fixed length control field 00926cam a2200253 a 4500
001 - CONTROL NUMBER
control field 989383
003 - CONTROL NUMBER IDENTIFIER
control field ARRUPE
005 - DATE AND TIME OF LATEST TRANSACTION
control field 20170920155104.0
008 - FIXED-LENGTH DATA ELEMENTS--GENERAL INFORMATION
fixed length control field 860902s1986 dcua b 001 0 eng
010 ## - LIBRARY OF CONGRESS CONTROL NUMBER
LC control number 86021865
020 ## - INTERNATIONAL STANDARD BOOK NUMBER
International Standard Book Number 0870445871 :
Terms of availability $7.95
020 ## - INTERNATIONAL STANDARD BOOK NUMBER
International Standard Book Number 0870445928 (lib. bdg.) :
Terms of availability $9.50
040 ## - CATALOGING SOURCE
Original cataloging agency DLC
Transcribing agency DLC
Modifying agency DLC
050 00 - LIBRARY OF CONGRESS CALL NUMBER
Classification number GB5018
Item number .N37 1986
082 00 - DEWEY DECIMAL CLASSIFICATION NUMBER
Classification number 904/.5
Edition number 19
300 ## - PHYSICAL DESCRIPTION
Other physical details col. ill. ;
Dimensions 26 cm.
245 00 - TITLE STATEMENT
Title Nature on the rampage :
Remainder of title our violent earth /
Statement of responsibility, etc prepared by the Special Publications Division, National Geographic Society.
260 ## - PUBLICATION, DISTRIBUTION, ETC. (IMPRINT)
Place of publication, distribution, etc Washington, D.C. :
Name of publisher, distributor, etc The Society,
Date of publication, distribution, etc c1986.
300 ## - PHYSICAL DESCRIPTION
Extent 199 p. :
500 ## - GENERAL NOTE
General note Includes index.
504 ## - BIBLIOGRAPHY, ETC. NOTE
Bibliography, etc Bibliography: p. 196.
650 #0 - SUBJECT ADDED ENTRY--TOPICAL TERM
Topical term or geographic name as entry element Natural disasters
General subdivision Popular works.
9 (RLIN) 36013
710 2# - ADDED ENTRY--CORPORATE NAME
Corporate name or jurisdiction name as entry element National Geographic Society (U.S.).
Subordinate unit Special Publications Division.
9 (RLIN) 36014
906 ## - LOCAL DATA ELEMENT F, LDF (RLIN)
a 7
b cbc
c orignew
d 1
e ocip
f 19
g y-gencatlg
942 ## - ADDED ENTRY ELEMENTS (KOHA)
Source of classification or shelving scheme Library of Congress Classification
Koha item type Monograph ( Printed materials)
Holdings
Withdrawn status Lost status Source of classification or shelving scheme Damaged status Not for loan Collection code Home library Current library Shelving location Date acquired Total Checkouts Full call number Barcode Date last seen Date checked out Copy number Price effective from Koha item type
    Library of Congress Classification     Main Collection ARRUPE LIBRARY ARRUPE LIBRARY   04/03/2013 1 GB5018.N37 1986 46003042003 23/09/2021 10/09/2021 1 04/03/2013 Monograph ( Printed materials)

 

Arrupe Library. PO Box MP320 Mt Pleasant, Harare, Zimbabwe
263 242 745411|librarian@aju.ac.zw